000 00555nam a2200133Ia 4500
008 160809s9999 xx 000 0 und d
100 _aPonce, Herenia Gutierrez.
245 _aEmpirical Study of Financial Disclosure Compliance with IFRS: Evidence from listed Romanian Companies
245 _cHerenia Gutierrez Ponce, Elena Hlaciuc, Dorel Mateș and Geanina Măciucă.
260 _bJournal of Accounting and Auditing: Research & Practice
260 _c2016
650 _xACCOUNTING
856 _uhttp://www.ibimapublishing.com/journals/JAARP/table.html
999 _c299977
_d299977